Statistiken für Beste Bundesliga Torschützen Borussia Mönchengladbach

Klicken Sie hier um das Quiz zu spielen!

Allgemein

  • Dieses Quiz wurde 403 mal gespielt
    (27 seit der letzten Aktualisierung)
  • Das Durchschnittsergebnis liegt bei 25 aus 64

Antwortstatistiken

SaisonNationalitätToreSpieler% Korrekt
2019/20Frankreich10Alassane Pléa
93%
2018/19Frankreich12Alassane Pléa
93%
2017/18Belgien10Thorgan Hazard
85%
1973/74Deutschland30Jupp Heynckes
81%
1976/77Deutschland15Jupp Heynckes
81%
1971/72Deutschland19Jupp Heynckes
81%
1972/73Deutschland28Jupp Heynckes
81%
1974/75Deutschland27Jupp Heynckes
81%
1977/78Deutschland18Jupp Heynckes
81%
2022/23Frankreich13Marcus Thuram
81%
2019/20Frankreich10Marcus Thuram
81%
2013/14Brasilien15Raffael
81%
2015/16Brasilien13Raffael
81%
2014/15Brasilien12Raffael
81%
2020/21Deutschland14Lars Stindl
70%
2016/17Deutschland11Lars Stindl
70%
2023/24Deutschland10Robin Hack
70%
2021/22Deutschland12Jonas Hofmann
67%
2009/10Deutschland8Marco Reus
52%
2010/11Deutschland10Marco Reus
52%
2011/12Deutschland18Marco Reus
52%
2006/07Deutschland4Oliver Neuville
48%
2005/06Deutschland10Oliver Neuville
48%
2004/05Deutschland12Oliver Neuville
48%
2012/13Niederlande6Luuk de Jong
44%
2012/13Deutschland6Patrick Herrmann
44%
1975/76Dänemark16Allan Simonsen
41%
1978/79Dänemark11Allan Simonsen
41%
1996/97Schweden10Martin Dahlin
41%
1995/96Schweden15Martin Dahlin
41%
1993/94Schweden12Martin Dahlin
41%
1992/93Schweden10Martin Dahlin
41%
2008/09Kanada7Rob Friend
37%
1998/99Österreich11Toni Polster
30%
1994/95Deutschland20Heiko Herrlich
26%
2002/03Finnland7Mikael Forssell
26%
1987/88Deutschland12Uwe Rahn
22%
1986/87Deutschland24Uwe Rahn
22%
2006/07Brasilien4Kahê
19%
2001/02Niederlande12Arie van Lent
15%
2003/04Niederlande9Arie van Lent
15%
1969/70Deutschland19Herbert Laumen
15%
1968/69Deutschland15Herbert Laumen
15%
1970/71Deutschland20Herbert Laumen
15%
1967/68Deutschland19Herbert Laumen
15%
1966/67Deutschland18Herbert Laumen
15%
2009/10Niederlande8Roel Brouwers
15%
1989/90Deutschland10Hans-Jörg Criens
11%
1988/89Deutschland13Hans-Jörg Criens
11%
1990/91Deutschland12Hans-Jörg Criens
11%
1991/92Deutschland7Hans-Jörg Criens
11%
2003/04Tschechien9Václav Svěrkoš
11%
2002/03Slowakei7Igor Demo
7%
1997/98Schweden13Jörgen Pettersson
7%
1965/66Deutschland16Bernd Rupp
4%
1985/86Deutschland13Frank Mill
4%
1984/85Deutschland16Frank Mill
4%
1983/84Deutschland19Frank Mill
4%
1992/93Deutschland10Karlheinz Pflipsen
4%
1979/80Deutschland20Harald Nickel
0%
1981/82Deutschland15Kurt Pinkall
0%
1967/68Deutschland19Peter Meyer
0%
1980/81Deutschland16Wilfried Hannes
0%
1982/83Deutschland10Wolfram Wuttke
0%

Verteilung der Resultate

Perzentil nach korrekt beantworteten Fragen

Anzahl Personen mit jedem Resultat

Ihre Resultats-Entwicklung

Sie haben dieses Quiz seit der letzten Aktualisierung nicht gespielt